00796 a2200181 4500020001500000040001300015082001300028100002300041245006400064250001200128260005700140300003600197650004300233942002600276999001500302952014900317952014800466 a0131089897 aDLCbDLC00a621.38221 aLyons, Richard G.,10aUnderstanding digital signal processing cRichard G. Lyons. a2nd ed. aUpper Saddle River, NJ :bPrentice Hall PIR,cc2004. axviii, 665 p. :bill. ;c24 cm. 0aSignal processingxDigital techniques. cBKk621.3822 LYO2ddc c9852d9852 001040708NFICaCLbCLcGENd2005-02-24eA&J Def Tek Consultantg5123.61l2o621.3822 LYOpSEECS005306r2023-06-16s2015-11-24w2017-01-05yBK 001040708NFICaCLbCLcGENd2004-10-12eAllied Book Companyg292.50l5m2o621.3822 LYOpSEECS004862r2016-04-11s2016-02-01w2017-01-05yBK